000 00296nam a22001337a 4500
008 170621b xxu||||| |||| 00| 0 eng d
020 _a9780321088796
041 _aeng
080 _25 ED
_a32
100 _a20
101 _aSHP
245 _aTHE OTHER WORLD
_cWEATHERBY/J.N
942 _2udc
_cBK
999 _c18546
_d18546